|
|
|
|
| LEADER |
00000nab a2200000 a 4500 |
| 001 |
vtls009523064 |
| 003 |
SK-MaSNL |
| 005 |
20260303060823.0 |
| 008 |
140402c2009 xo mr|p|||||||000 b|slo |
| 015 |
|
|
|a SNBRB2009/06
|2 snkbucl
|
| 038 |
|
|
|a SNKBUCL
|
| 040 |
|
|
|a SNKBUCL
|b slo
|c SNKBUCL
|e AACR2
|
| 041 |
0 |
|
|a slo
|
| 044 |
|
|
|a xo
|c SK
|
| 080 |
|
|
|a 284.1(437.6)"15"
|2 1997
|
| 100 |
1 |
|
|a Hajduk, Andrej
|4 aut
|9 456309
|
| 245 |
1 |
0 |
|a Evanjelici na Slovensku v druhej polovici 16. storočia
|c Andrej Hajduk
|
| 300 |
|
|
|b Fotogr.
|
| 610 |
2 |
7 |
|a Evanjelická cirkev a. v. na Slovensku
|x dejiny
|2 snkbucl
|9 1041904
|
| 648 |
|
7 |
|a 16. stor.
|2 snkbucl
|9 293378
|
| 773 |
0 |
|
|t Evanjelický posol spod Tatier
|g Roč. 99, č. 23 (2009), s. 11
|x 0139-87681
|
| 852 |
|
|
|a SNK
|b KIS3GCP
|
| 958 |
|
|
|a SK
|
| 999 |
|
|
|c 1733049
|d 1734979
|